Central Library OPAC University of Rajshahi

General English for technical students / (Record no. 50120)

MARC details
000 -LEADER
fixed length control field 00638nam a2200217 a 4500
001 - CONTROL NUMBER
control field 50120
003 - CONTROL NUMBER IDENTIFIER
rucl marc code BD-RjUL
005 - DATE AND TIME OF LATEST TRANSACTION
control field 20211209075448.0
008 - FIXED-LENGTH DATA ELEMENTS--GENERAL INFORMATION
fixed length control field 160824s1964 en 000 0 eng d
035 ## - SYSTEM CONTROL NUMBER
System control number (BD-RjUL)50240
040 ## - CATALOGING SOURCE
Original cataloging agency UKM
Transcribing agency UKM
Modifying agency BD-RjUL
-- EQO
Language of cataloging eng
041 ## - LANGUAGE CODE
Language code of text/sound track or separate title eng
082 ## - DEWEY DECIMAL CLASSIFICATION NUMBER
Classification number 428
Author mark and year CAG 1964
100 1# - MAIN ENTRY--PERSONAL NAME
Personal name Candlin, E. Frank
Fuller form of name (Edwin Frank).
9 (RLIN) 150738
245 10 - TITLE STATEMENT
Title General English for technical students /
Statement of responsibility, etc. E Frank Candlin
250 ## - EDITION STATEMENT
Edition statement 3rd. ed.
260 ## - PUBLICATION, DISTRIBUTION, ETC. (IMPRINT)
Place of publication, distribution, etc. London :
Name of publisher, distributor, etc. University of London Press,
Date of publication, distribution, etc. c1964
300 ## - PHYSICAL DESCRIPTION
Pagination 205 p. ;
Size 19 cm.
650 ## - SUBJECT ADDED ENTRY--TOPICAL TERM
Topical term or geographic name as entry element English language--Technical English
9 (RLIN) 150739
942 ## - ADDED ENTRY ELEMENTS (KOHA)
Source of classification or shelving scheme Dewey Decimal Classification
Koha item type Books
Holdings
Lost status Source of classification or shelving scheme Damaged status Not for loan Collection code Permanent Location Current Location Shelving location Date acquired Source of acquisition Cost, normal purchase price Total Checkouts Full call number Date last seen Copy number Koha item type
  Dewey Decimal Classification     Non-fiction Central Library, University of Rajshahi Central Library, University of Rajshahi   24/08/1999 Zeithinger 0.00   428 CAG 1964 24/08/2016 C-2 Books